Optimization of the Production Process in Engineering Company

Úloha optimalizácie v strojárskych spoločnostiach. Optimalizácia výrobného procesu. Hodnotenie optimalizačného návrhu.

Guardado en:
Detalles Bibliográficos
Autor principal: Bosák, Martin, 1967-
Otros Autores: Dugas, Jaroslav, 1967-, Klapáková, Katarína
Formato: Capítulo de libro
Lenguaje:inglés
Materias:
Etiquetas: Agregar Etiqueta
Sin Etiquetas, Sea el primero en etiquetar este registro!

MARC

LEADER 00000naa a2200000 4500
001 0278287
005 20240502083843.5
041 0 |a eng 
044 |a RO 
245 1 0 |a Optimization of the Production Process in Engineering Company  |c Martin Bosák, Jaroslav Dugas, Katarína Klapáková 
520 |a Úloha optimalizácie v strojárskych spoločnostiach. Optimalizácia výrobného procesu. Hodnotenie optimalizačného návrhu. 
610 2 0 |a produkcia 
610 2 0 |a proces výrobný 
610 2 0 |a optimalizácia 
100 1 |a Bosák, Martin, 1967- 
700 1 |a Dugas, Jaroslav, 1967- 
700 1 |a Klapáková, Katarína